Business organisation and management (Record no. 166510)

MARC details
000 -LEADER
fixed length control field 00483nam a2200169Ia 4500
008 - FIXED-LENGTH DATA ELEMENTS--GENERAL INFORMATION
fixed length control field 210423s2011 xx 000 0 und d
020 ## - INTERNATIONAL STANDARD BOOK NUMBER
International Standard Book Number 978-93-81335-08-6
041 ## - LANGUAGE CODE
Language code of text/sound track or separate title eng
082 ## - DEWEY DECIMAL CLASSIFICATION NUMBER
Classification number 658 MAHB
100 ## - MAIN ENTRY--PERSONAL NAME
Personal name MAHESHWARI (Rajendra P);MAHAJAN (J P)
245 ## - TITLE STATEMENT
Title Business organisation and management
260 ## - PUBLICATION, DISTRIBUTION, ETC.
Place of publication, distribution, etc. New Delhi
Name of publisher, distributor, etc. International Book House
Date of publication, distribution, etc. 2011
300 ## - PHYSICAL DESCRIPTION
Extent 405
Other physical details PB
365 ## - TRADE PRICE
Price amount 275
Currency code INR
650 ## - SUBJECT ADDED ENTRY--TOPICAL TERM
Topical term or geographic name entry element Management
906 ## - LOCAL DATA ELEMENT F, LDF (RLIN)
a Business ; management ; organisation
Holdings
Withdrawn status Lost status Damaged status Not for loan Collection code Home library Current library Date acquired Source of acquisition Cost, normal purchase price Total Checkouts Full call number Barcode Date last seen Price effective from Koha item type
        M Com St Aloysius PG Library St Aloysius PG Library 03/05/2015 Biblios Book Point 275.00   658 MAHB PG013011 08/24/2022 04/26/2021 Book